Wszystkie stacje i przystanki kolejowe w Łodzi - Statystyki

Ogólne statystyki
  • Ten quiz został rozwiązany 132 razy
  • Średni wynik to 13 z 22
Statystyki odpowiedzi
Odpowiedź % Poprawnych
Fabryczna
97%
Kaliska
96%
Widzew
95%
Chojny
79%
Andrzejów
64%
Radogoszcz Wschód
63%
Żabieniec
63%
Pabianicka
62%
Niciarniana
60%
Dąbrowa
59%
Radogoszcz Zachód
59%
Retkinia
57%
Olechów Wschód
54%
Olechów Zachód
54%
Lublinek
51%
Warszawska
50%
Marysin
48%
Zarzew
47%
Olechów Wiadukt
45%
Andrzejów Szosa
41%
Stoki
41%
Arturówek
39%
Nie znaleziono quizów pasujących do podanych kryteriów
Rozkład punktacji
Procent ludzi z każdym wynikiem
Percentyl według liczby udzielonych odpowiedzi
Twoja historia wyników
Nie rozwiązałeś tego quizu